Internal auditing: Key to financial and operations improvement (Record no. 36912)

MARC details
000 -LEADER
fixed length control field 00318nam a2200109Ia 4500
082 ## - DEWEY DECIMAL CLASSIFICATION NUMBER
Classification number 657.6
Item number INT
245 #0 - TITLE STATEMENT
Title Internal auditing: Key to financial and operations improvement
260 ## - PUBLICATION, DISTRIBUTION, ETC. (IMPRINT)
Place of publication New York
Name of publisher Alexander Hamilton
Year of publication 1982
650 ## - SUBJECT ADDED ENTRY--TOPICAL TERM
Topical Term Internal auditing
942 ## - ADDED ENTRY ELEMENTS (KOHA)
Koha item type Books
Holdings
Withdrawn status Lost status Damaged status Not for loan Home library Current library Date acquired Cost, normal purchase price Full call number Accession Number Koha item type
        RRII Library RRII Library 16/12/2021 94.95 657.6 INT 17309 Books